Los hombres ante el fracaso

সংরক্ষণ করুন:
গ্রন্থ-পঞ্জীর বিবরন
প্রধান লেখক: Lacroix, Jean (Author)
বিন্যাস: গ্রন্থ
ভাষা:স্প্যানিশ
প্রকাশিত: Barcelona Herder 1970
বিষয়গুলি:
ট্যাগগুলো: ট্যাগ যুক্ত করুন
কোনো ট্যাগ নেই, প্রথমজন হিসাবে ট্যাগ করুন!

MARC

LEADER 00000nam a2200000 a 4500
001 UCW9490
003 CL-VaPUC
008 890428e19700000SP |||||||||||||||||spa|d
082 0 4 |a 128.3  |b LAC  |2 21 
100 |a Lacroix, Jean  |e author  |9 575686 
245 1 4 |a Los hombres ante el fracaso 
300 |a 279 p 
942 |c BK 
945 |d 19890428 00:00:00 
260 |a Barcelona  |b Herder  |c 1970 
650 0 |a Antropología filosófica  |9 265842 
650 7 |a HOMBRE  |2 CL-VaPUC  |9 262149 
583 |a last modification  |c 19890428 00:00:00  |k Rodrigo Vera 
999 |c 221449  |d 221447 
952 |0 0  |1 0  |4 0  |6 128_300000000000000_LAC_1970  |7 0  |8 A  |9 214788  |a BIBEDU  |b BIBEDU  |d 2019-11-15  |i 2833468  |o 128.3 LAC 1970  |p 2833468  |r 2019-11-15  |w 2019-11-15  |y BK  |k FIL